Регионална библиотека "Любен Каравелов" - Русе

Не поглеждай под мивката (Запис номер 88051)

MARC детайли
000 -Лидер
Контролно поле с фиксирана дължина 01492nam a2200361 c 4500
003 - Код на организацията, давaща контролен номер
Контролно поле BLK
005 - Дата и час на последна редакция
Контролно поле 20240809182133.0
008 - Елементи от данни с фиксирана дължина
fixed length control field 180408b bul|||||r ||||||| ||bul||
010 ## - Наследен системен номер
LC control number KNG00092707000
020 ## - Международен стандартен номер на книга ISBN
Международен стандартен номер на книга ISBN 978-954-92263-6-2
-- издат.: Агенция Ню импрес
040 ## - Източник на каталожния запис
Идентификатор на билиотеката - собственик на записа BLK
041 ## - Код за език
Код за езика на текст/звукозапис или на отделно заглавие Български
Код за езика КДБФ Български
080 ## - УДК
Текстов определител УДК Американска литература (на САЩ)
УДК код - определител по УДК 821.111(73)
УДК определител -322.4
УДК - код + определител 821.111(73)-322.4
100 1# - Редна дума - Автор
Автор Стайн, Робърт Лорънс
Авторска отговорност първи автор
R(LIN) 369934
139 ## - Редно поле
Редна дума Стайн, Робърт Лорънс
Авторски знак Стаи - С 62
245 10 - Сведения за заглавието
Заглавие Не поглеждай под мивката
Подзаглавни данни Забавен трилър за деца
Редно поле (дума) Робърт Лорънс Стайн; прев. Елена Методиева Щерева.
257 ## - Страна на издаване
Страна на създаване/издаване Съединени американски щати
260 ## - Област на издателските данни
-- София
Име на издателя, разпространителя и проч. Агенция Ню импрес
Година на издаване 2009
Печатница София : Симолини-94
300 ## - Физическа характеристика
Страници 125 с.
Размери/Мащаб 20 см
380 ## - Жанр
Жанр Детска худож. лит.
490 1# - СЕРИИ (Колекции)
Име на серия Поредица Goosebumps
500 ## - Общи забележки
Забележка Ориг. загл. It Came from Beneath the Sink. - Офс. изд.
653 ## - Ключова дума – ненормативна
Ключова дума трилъри
653 ## - Ключова дума – ненормативна
Ключова дума литература за деца
653 ## - Ключова дума – ненормативна
Ключова дума детска литература
700 1# - Други автори (авторска отговорност)
Лично име Щерева, Елена Методиева
Автороска отговорност (Описва отношението между автора и произведението) прев.
9 (RLIN) 302989
852 ## - Местоположение
Форматна сигнатура Цб 246035
856 4# - Електронен адрес и достъп
Електронен формат pdf - файл
Път до файла /url/
856 4# - Електронен адрес и достъп
Електронен формат pdf - файл
Път до файла /url/
942 ## - АРТИКУЛИ
Вид на библиотечния материал Книги
Скрит в OPAC Не
Koha issues (borrowed), all copies 20
944 ## - СЪЗДАВАНЕ И РЕДАКЦИЯ на ЗАПИСА
Създаване/Редакция Създаване
Дата на регистрацията/редакция 19.11.2009
Статус, дата на статуса Лиляна Коева
Служител, извършил регистрацията/редакцията 30532
944 ## - СЪЗДАВАНЕ И РЕДАКЦИЯ на ЗАПИСА
Създаване/Редакция Редакция
Дата на регистрацията/редакция 19.11.2010
Статус, дата на статуса ф /
Служител, извършил регистрацията/редакцията
999 ## - СИСТЕМНИ КОНТРОЛНИ НОМЕРА
Koha biblionumber 88051
Koha biblioitemnumber 88051
Наличности
Код за отписване Код за изгубен артикул Код за повреда Коз за рестрикции Код за отдаване Артикулен № Име на библиотеката - собственик Име на библиотеката, в която се намира в момента Статус (Текущо местоположение) Дата на вписване в системата Местоположение - отдел Цена в лева Инвентарен номер Систематично азбучна сигнатура Баркод Номер на екземпляра Цена в евро Служебна бележка Служебен тип на артикула Източник на класификационната схема
  Не е изгубен Не е повреден без рестрикции заемане за дома 142549 Регионална библиотека "Любен Каравелов" Русе Регионална библиотека "Любен Каравелов" Русе Детски отдел 2009-11-19 Детски отдел 6.90 120000739848 ДХ 820/899/С 62 120000739848 1 3.53 Дост: Pk Вид: Ф N: 22430 Дата: 17.11.2009 Дата инв: 10.08.2015 Бележки инв: Д2015 Книги  
Изтеглен Не е изгубен Не е повреден без рестрикции заемане за дома 142550 Регионална библиотека "Любен Каравелов" Русе Регионална библиотека "Любен Каравелов" Русе Детски отдел 2009-11-19 Детски отдел 6.90 120000739849 ДХ 820/899/С 62 120000739849 2 3.53 Дост: Pk Вид: Ф N: 22430 Дата: 17.11.2009 Дата инв: 10.08.2015 Бележки инв: Д2015 Книги Universal Decimal Classification
  Не е изгубен Не е повреден без рестрикции заемане за дома 142551 Регионална библиотека "Любен Каравелов" Русе Регионална библиотека "Любен Каравелов" Русе Детски отдел 2010-05-18 Детски отдел 6.90 120000744491 ДХ 820/899/С 62 120000744491 3 3.53 Дост: Pk Вид: Ф N: 27777 Дата: 18.05.2010 Дата инв: 10.08.2015 Бележки инв: Д2015 Книги  
  Не е изгубен Не е повреден без рестрикции заемане за дома 142552 Регионална библиотека "Любен Каравелов" Русе Регионална библиотека "Любен Каравелов" Русе Детски отдел 2010-05-21 Детски отдел 6.90 120000744552 ДХ 820/899/С 62 120000744552 4 3.53 Дост: DA Вид: А N: 15 Дата: 21.05.2010 Дата инв: 17.08.2015 Бележки инв: Д2015 Книги  
Изтеглен Не е изгубен Не е повреден без рестрикции заемане за дома 142553 Регионална библиотека "Любен Каравелов" Русе Регионална библиотека "Любен Каравелов" Русе Детски отдел 2010-05-21 Детски отдел 6.90 120000744553 ДХ 820/899/С 62 120000744553 5 3.53 Дост: DA Вид: А N: 15 Дата: 21.05.2010 Книги Universal Decimal Classification
  Не е изгубен Не е повреден без рестрикции ползва се в читалня 142554 Регионална библиотека "Любен Каравелов" Русе Регионална библиотека "Любен Каравелов" Русе Хранилище 2010-09-23 Хранилище 6.90 120000745884 Цб 246035 120000745884 6 3.53 Дост: Dp Вид: Д N: 4 Дата: 13.01.2010 Книги  
Vip Innovations Ltd, Rousse, Bulgaria 2025